Score 0/23 Timer 03:00
5 Plays Today
% Correct
bad
98.6%
sad
97.9%
tad
95.9%
lad
95.8%
had
95.8%
fad
95.6%
pad
94.5%
rad
94.3%
cad
94.1%
dad
92.7%
gad
87.3%
ad
85.1%
% Correct
glad
84.8%
brad
82.4%
clad
78.5%
grad
77.1%
add
75.4%
chad
73.9%
plaid
68.2%
shad
64.2%
scad
58.1%
trad
55.5%
bade
13.7%
Remove Ads.
Support Sporcle.
Get the best of Sporcle when you Go Orange. This ad-free experience offers more features, more stats, and more fun while also helping to support Sporcle. Thank you for becoming a member.

You're not logged in!

Compare scores with friends on all Sporcle quizzes.
OR
Log In

Sporcle TV

Today on Sporcle TV


Watch our educational content, quiz creation guides, and fun videos on Sporcle TV.

Show Comments

Extras

Top Quizzes Today


Score Distribution

Paid Content

Your Account Isn't Verified!

In order to create a playlist on Sporcle, you need to verify the email address you used during registration. Go to your Sporcle Settings to finish the process.

Report this User

Report this user for behavior that violates our Community Guidelines.

Details: